Religión católica: recursos didácticos
I tiakina i:
| Kaituhi matua: | |
|---|---|
| Hōputu: | Pukapuka |
| Reo: | Pāniora |
| I whakaputaina: |
Madrid
Anaya
1997
|
| Putanga: | 1a. ed |
| Rangatū: | Universo, 2
|
| Ngā marau: | |
| Ngā Tūtohu: |
Tāpirihia he Tūtohu
Kāore He Tūtohu, Me noho koe te mea tuatahi ki te tūtohu i tēnei pūkete!
|
MARC
| LEADER | 00000nam a2200000 a 4500 | ||
|---|---|---|---|
| 001 | UCK0430 | ||
| 003 | CL-VaPUC | ||
| 008 | 041008e19970000SP |||||||||||||||||spa|d | ||
| 020 | |a 8420767905 | ||
| 082 | 0 | 4 | |a 268 |b BEL |2 21 |
| 100 | 0 | |a Bello Sánchez, Manuel |e author |9 488356 | |
| 245 | 1 | 0 | |a Religión católica: recursos didácticos |
| 250 | |a 1a. ed | ||
| 300 | |a 96 p | ||
| 942 | |c BK | ||
| 945 | |d 20041008 00:00:00 |a vberengu | ||
| 260 | |a Madrid |b Anaya |c 1997 | ||
| 650 | 0 | |a Educación religiosa |9 308312 | |
| 650 | 0 | |a Teología cristiana |9 308336 | |
| 650 | 0 | |a Métodos de enseñanza |9 270413 | |
| 583 | |a last modification |c 20041008 00:00:00 |k Rodrigo Vera | ||
| 490 | 0 | |a Universo, 2 | |
| 999 | |c 310869 |d 310867 | ||
| 952 | |0 0 |1 0 |4 0 |6 268_000000000000000_BEL_1997 |7 0 |8 A |9 379907 |a BIBTEO |b BIBTEO |d 2019-11-21 |i 4067215 |o 268 BEL 1997 |p 4067215 |r 2025-01-17 |w 2019-11-21 |y BK |k ICR | ||